000 00461nam a2200181Ia 4500
001 23366
005 20260414150932.0
008 260414t2012||||xx |||||||||||||| ||spa||
041 _aESP
082 _a629.892
_bM22 2010
100 _aMandado Pérez, Enrique
_eAUT
245 0 _aAutómatas programables y sistemas de automatización
_b
260 _c2012
300 _axxxiii, 1085
_c26 cm.
650 _aCNM
654 _aCCN
942 _cLIB
_dJUS
_fJUS
_2ddc
_n
999 _c23366
_d23366